The law of meetings in India (Record no. 408960)

000 -LEADER
fixed length control field 00414cam a22001337a 4500
008 - FIXED-LENGTH DATA ELEMENTS--GENERAL INFORMATION
fixed length control field 180718b1969 xxu||||| |||| 00| 0 eng d
082 ## - DEWEY DECIMAL CLASSIFICATION NUMBER
Classification number F2603x54 M38
100 ## - MAIN ENTRY--PERSONAL NAME
Personal name Masodkar, B.A.
245 ## - TITLE STATEMENT
Title The law of meetings in India
Statement of responsibility, etc. By B.A. Masodkar
260 ## - PUBLICATION, DISTRIBUTION, ETC.
Place of publication, distribution, etc. Indore
Name of publisher, distributor, etc. The Lawyers Home
Date of publication, distribution, etc. 1969
300 ## - PHYSICAL DESCRIPTION
Extent xxxviii, 296p
650 ## - SUBJECT ADDED ENTRY--TOPICAL TERM
Topical term or geographic name entry element Corporate meetings --Law and legislation --India
650 ## - SUBJECT ADDED ENTRY--TOPICAL TERM
Topical term or geographic name entry element Public meetings --India
Holdings
Withdrawn status Lost status Damaged status Not for loan Permanent Location Current Location Date acquired Full call number Barcode Date last seen Price effective from Koha item type
        Indian Institute of Public Administration Indian Institute of Public Administration 2008-12-30 F2603x54 M38 DA3051 2018-07-21 2018-07-21 DA

Powered by Koha